000 01568nam0a2200325 4500
001 RU\NLR\BIBL_A\022420022
005 20250303115012.0
010 _a978-5-9710-5129-9
021 _aRU
_bКН-П-24-060080
_9КН-П-24-5973
035 _a(NLR Aleph) 022420022
090 _a13338153
_c13338153
100 _a20241224d2023 k y0rusy50 ca
101 0 _arus
102 _aRU
105 _aa z 000zy
181 0 _ai3
_baxxe
182 0 _an
200 1 _aРусское ювелирное искусство 1980-2000-х годов
_eчувства, переживания, фантазии человека
_eот рок-культуры до эмоциональной усталости
_fП. Р. Гамзатова
203 _aТекст
_bвизуальный
_cнепосредственный
210 _aМосква
_cURSS, ЛЕНАНД
_d2023
215 _a192 с., [4] л. ил.
_d21
300 _aНа 4-й с. обл. авт.: П. Р. Гамзатова, чл.-корр. РАХ, канд. искусствоведения, заслуж. деят. искусств Республики Дагестан
320 _aБиблиогр. в подстроч. примеч.
606 1 _aЮвелирное искусство русское
_z20 - 21 вв.
_2nlr_sh1
_2nlr_sh2
_3RU\NLR\AUTH\661426433
686 1 _aЩ125.444.3(2Р=Рус)75
700 1 _aГамзатова
_bП. Р.
_gПатимат Расуловна
_3RU\NLR\AUTH\770170640
942 _cBOOK
980 _aNB